Vox: diccionario general ilustrado de la lengua española

Saved in:
Bibliografiske detaljer
Format: Bog
Sprog:spansk
Udgivet: Barcelona Biblograf 1961
Udgivelse:2a. ed
Fag:
Tags: Tilføj Tag
Ingen Tags, Vær først til at tagge denne postø!

MARC

LEADER 00000nam a2200000 a 4500
001 UCQ8207
003 CL-VaPUC
008 981209e19610000SP |||||||||||||||||spa|d
082 0 4 |a 463  |b VOX  |2 21 
245 1 0 |a Vox: diccionario general ilustrado de la lengua española 
250 |a 2a. ed 
300 |a 1813 p 
942 |c BK 
945 |d 19981209 00:00:00  |a cmena 
260 |a Barcelona  |b Biblograf  |c 1961 
650 0 |a Diccionarios  |9 256200 
650 0 |a Español  |9 255372 
583 |a last modification  |c 19981209 00:00:00  |k Rodrigo Vera 
999 |c 277499  |d 277497 
952 |0 0  |1 0  |4 0  |6 463_000000000000000_VOX_1961  |7 0  |8 X  |9 315449  |a BIBEDU  |b BIBEDU  |d 2019-11-20  |i 1497219  |o 463 VOX 1961  |p 1497219  |r 2023-01-13  |w 2019-11-20  |y BK_X  |k LIT